Tratado de dominio público (Registro nro. 6825)
[ vista simple ]
| 000 -LEADER | |
|---|---|
| fixed length control field | 00922 a2200205 4500 |
| 001 - CONTROL NUMBER | |
| control field | 59792 |
| 005 - DATE AND TIME OF LATEST TRANSACTION | |
| control field | 20260407155851.0 |
| 008 - FIXED-LENGTH DATA ELEMENTS--GENERAL INFORMATION | |
| fixed length control field | 260407a1960 arg spa d |
| 003 - CONTROL NUMBER IDENTIFIER | |
| control field | AR-UNSa-BCEJYS |
| 040 ## - CATALOGING SOURCE | |
| Original cataloging agency | AR-UNSa-BCEJYS |
| Language of cataloging | spa |
| Transcribing agency | AR-UNSa-BCEJYS |
| 080 ## - UNIVERSAL DECIMAL CLASSIFICATION NUMBER | |
| Universal Decimal Classification number | 342.9 |
| Common auxiliary subdivision | Derecho Administrativo |
| 041 ## - LANGUAGE CODE | |
| Language code of text/sound track or separate title | spa |
| 100 1# - MAIN ENTRY--PERSONAL NAME | |
| Personal name | Marienhoff, Miguel S. |
| 245 10 - TITLE STATEMENT | |
| Title | Tratado de dominio público |
| 264 #1 - PRODUCTION, PUBLICATION, DISTRIBUTION, MANUFACTURE, AND COPYRIGHT NOTICE | |
| Place of production, publication, distribution, manufacture | Buenos Aires : |
| Name of producer, publisher, distributor, manufacturer | TEA (Tipográfica Editora Argentina) |
| Date of production, publication, distribution, manufacture, or copyright notice | 1960 |
| 300 ## - PHYSICAL DESCRIPTION | |
| Extent | 599 p. |
| Dimensions | 23 cm. |
| 505 ## - FORMATTED CONTENTS NOTE | |
| Formatted contents note | 1. Noción conceptual del dominio público - 2. Clasificación del dominio público – 3. Afectación y desafectación (creación y extinción del dominio público) – 4. Régimen y caracteres jurídicos del dominio público (Inalienabilidad e imprescriptibilidad) – 5. Tutela o protección del dominio público – 6. Uso del dominio público – |
| 590 ## - LOCAL NOTE (RLIN) | |
| Local note | niveau_biblio:m niveau_hierar:0 |
| 942 ## - ADDED ENTRY ELEMENTS (KOHA) | |
| Koha item type | |
| Withdrawn status | Lost status | Damaged status | Not for loan | Home library | Current library | Shelving location | Date acquired | Total checkouts | Full call number | Barcode | Date last seen | Price effective from | Koha item type |
|---|---|---|---|---|---|---|---|---|---|---|---|---|---|
| Biblioteca Prof. Eusebio Cleto del Rey | Biblioteca Prof. Eusebio Cleto del Rey | 07/04/2026 | 342.9 M334 | L25416 | 07/04/2026 | 07/04/2026 | Libro | ||||||
| Biblioteca Prof. Eusebio Cleto del Rey | Biblioteca Prof. Eusebio Cleto del Rey | 07/04/2026 | 342.9 M334 | L25415 | 07/04/2026 | 07/04/2026 | Libro |